California North Coast Section (NCS) highschool's cities - Statistics

General Stats
  • This quiz has been taken 2 times
  • The average score is 38 of 106
Answer Stats
Hint School City % Correct
West Alameda County A______ Alameda
100%
Mission Valley Ath. Mission San Jose Fremont
100%
Mission Valley Ath. ______ Memorial Newark
100%
Tri-County Ath. A_____ Albany
50%
Vine Valley A_______ C_____ American Canyon
50%
Big 5 A_____ Arcata
50%
Diablo Ath. B______ Benicia
50%
Tri-County Ath. St Mary's College Berkeley
50%
West Alameda County B_______ Berkeley
50%
West Alameda County C_____ V_____ Castro Valley
50%
NCL I C_________ Cloverdale
50%
East Bay Ath. De La Salle Concord
50%
Big 5 Del Norte Crescent City
50%
East Bay Ath. San Ramon Valley Danville
50%
East Bay Ath. D_____ Dublin
50%
Tri-County Ath. E_ C______ El Cerrito
50%
North Coast Emery Emeryville
50%
Diablo Ath. Acalanes Emeryville
50%
Big 5 E_____ Eureka
50%
Little 7 F_______ Ferndale
50%
NCL I F___ B____ Fort Bragg
50%
Big 5 F______ Fortuna
50%
Bay Counties California _______ Fremont
50%
Mission Valley Ath. American Fremont
50%
Mission Valley Ath. Irvington Fremont
50%
Mission Valley Ath. John F. Kennedy Fremont
50%
Tri-County Ath. Washington Fremont
50%
Mission Valley Ath. Moreau Catholic Hayward
50%
West Alameda County H______ Hayward
50%
North Bay H_________ Healdsburg
50%
Little 7 H____ Valley Hoopa
50%
NCL I Clear Lake Lakeport
50%
Marin County Ath. Redwood Larkspur
50%
East Bay Ath. Granada Livermore
50%
East Bay Ath. L________ Livermore
50%
Diablo Ath. Alhambra Martinez
50%
NCL I M_________ Middletown
50%
Vine Valley Justin-Siena Napa
50%
Vine Valley Vintage Napa
50%
Marin County Ath. N_____ Novato
50%
Marin County Ath. San Marin Novato
50%
Bay Counties East College Preparatory Oakland
50%
Bay Counties East Head-Royce Oakland
50%
West Alameda County Bishop O'Dowd Oakland
50%
Vine Valley Casa Grande Petaluma
50%
Vine Valley P_______ Petaluma
50%
West Alameda County P_______ Piedmont
50%
Tri-County Ath. P_____ Valley Pinole
50%
East Bay Ath. Foothill Pleasanton
50%
North Bay Rancho Cotate Rohnert Park
50%
NCL II Technology Rohnert Park
50%
Marin County Ath. Branson Ross
50%
Bay Counties Central Bay School of ___ _________ San Francisco
50%
Bay Counties - West ___ _________ University San Francisco
50%
Bay Counties - West Urban of ___ _________ San Francisco
50%
West Alameda County S__ L______ San Leandro
50%
West Alameda County S__ L______ San Lorenzo
50%
Marin County Ath. S__ R_____ San Rafael
50%
East Bay Ath. California ___ _____ San Ramon
50%
North Bay Cardinal Newman Santa Rosa
50%
North Bay Maria Carrillo Santa Rosa
50%
North Bay Montgomery Santa Rosa
50%
North Bay Piner Santa Rosa
50%
North Bay S____ R___ Santa Rosa
50%
North Coast Summerfield Waldorf of _____ ____ Santa Rosa
50%
NCL II Sonoma Academy Santa Rosa
50%
North Bay Analy Sebastopol
50%
North Bay U____ Ukiah
50%
Mission Valley Ath. James Logan Union City
50%
NCL I U____ L___ Upper Lake
50%
Tri-County Ath. V______ Vallejo
50%
NCL I W______ Willits
50%
North Bay W______ Windsor
50%
West Alameda County Encinal Alameda
0%
Bay Valley Ath. Heritage Brentwood
0%
Bay Valley Ath. Liberty Brentwood
0%
Diablo Ath. Clayton Valley Concord
0%
Diablo Ath. Ygnacio Valley Concord
0%
East Bay Ath. Carondelet Concord
0%
Bay Counties East Athenian Danville
0%
East Bay Ath. Monte Vista Danville
0%
Bay Valley Ath. Emerald Dublin
0%
Little 7 St. Bernard's Academy Eureka
0%
Marin County Ath. Marin Catholic Kentfield
0%
Marin County Ath. Tamalpais Mill Valley
0%
Diablo Ath. Campolindo Moraga
0%
Bay Valley Ath. Freedom Oakley
0%
Diablo Ath. Miramonte Orinda
0%
Bay Valley Ath. P________ Pittsburg
0%
Diablo Ath. College Park Pleasant Hill
0%
East Bay Ath. Amador Valley Pleasanton
0%
Tri-County Ath. Salesian College Preparatory Richmond
0%
Bay Counties - West San Domenico San Anselmo
0%
Marin County Ath. Archie Williams San Anselmo
0%
Bay Counties Central International San Francisco
0%
Bay Counties - West Convent & Stuart Hall San Francisco
0%
Bay Counties - West Lick Wilmerding San Francisco
0%
Bay Counties East Redwood Christian San Lorenzo
0%
West Alameda County Arroyo San Lorenzo
0%
Bay Counties - West Marin Academy San Rafael
0%
Marin County Ath. Terra Linda San Rafael
0%
East Bay Ath. Dougherty Valley San Ramon
0%
Tri-County Ath. Jesse Bethel Vallejo
0%
Diablo Ath. Berean Christian Walnut Creek
0%
Diablo Ath. Las Lomas Walnut Creek
0%
Diablo Ath. Northgate Walnut Creek
0%
No matching quizzes found
Score Distribution
Percent of People with Each Score
Percentile by Number Answered
Your Score History
You have not taken this quiz